000 00712 a2200241 4500
003 CBULib
005 20251208105313.0
008 251208b |||||||| |||| 00| 0 eng d
020 _a9781526488831
040 _bEnglish
_cCBULib
_erda
041 _aeng
050 _aLB 1047.3 Tho
100 _aThomas, Gary
_95131
245 _aFind your source
_c/ by Gary Thomas
260 _bSAGE,
_c2019
_aLos Angeles :
300 _a103 pages : illustrations
336 _2rdacontent
_aText |
_btxt
337 _2rdamedia
_aUnmediated |
_bn
338 _2rdacarrier
_aVolume
_bnc
650 0 _aDATABASES AS TOPIC
_2Library of Congress
_95132
650 0 _aRESEARCH DESIGN
_2Library of Congress
_94389
942 _2lcc
_c002
999 _c86522
_d86522